[Event "ICS rated blitz match"]
[Site "207.99.83.227"]
[Date "1999.05.01"]
[Round "?"]
[White "SMJT"]
[Black "Hossa"]
[Result "0-1"]
[WhiteElo "2183"]
[BlackElo "2517"]
[PlyCount "70"]

1. d4 d5 2. Nf3 e6 3. c4 dxc4 4. e3 b5 5. a4 c6 6. axb5 cxb5 7. b3 Qc7 8. bxc4
bxc4 9. Qa4+ Bd7 10. Qxc4 Bb4+ 11. Bd2 Bxd2+ 12. Nbxd2 Bc6 13. Ne5 Ne7 14. Nxc6
Nbxc6 15. Be2 O-O 16. O-O Rfb8 17. Rfc1 Rb2 18. Ne4 a5 19. Bf3 Rc8 20. Qc3 Rb5
21. Nc5 Kh8 22. Be2 Rb6 23. e4 Qf4 24. g3 Qf6 25. Nd7 Qxd4 26. Qxd4 Nxd4 27.
Rxc8+ Nxc8 28. Nxb6 Nxb6 29. Rxa5 Nxe2+ 30. Kf1 Nc3 31. Ra7 h5 32. Rxf7 Nxe4
33. Re7 Nc5 34. f4 Nd5 35. Rc7 35... Nxc7 {SMJT resigns} 0-1

[Event "ICS rated blitz match"]
[Site "207.99.83.227"]
[Date "1999.05.01"]
[Round "?"]
[White "Hossa"]
[Black "Masterchess"]
[Result "0-1"]
[WhiteElo "2521"]
[BlackElo "2709"]
[PlyCount "123"]

1. e4 e5 2. Nf3 Nc6 3. Bb5 a6 4. Ba4 Nf6 5. O-O Be7 6. Re1 b5 7. Bb3 d6 8. c3
Bg4 9. d3 h6 10. a4 Na5 11. axb5 Bxf3 12. gxf3 axb5 13. f4 c6 14. fxe5 dxe5 15.
Bc2 c5 16. f4 exf4 17. Bxf4 O-O 18. Qf3 Qd7 19. Rf1 Nc6 20. Nd2 Rfe8 21. Rxa8
Rxa8 22. Qg2 Kf8 23. e5 Nd5 24. Nb3 Ra4 25. d4 Nxf4 26. Rxf4 cxd4 27. Bf5 Qc7
28. cxd4 Bg5 29. Rf1 Nxd4 30. Nxd4 Rxd4 31. Qa8+ Rd8 32. Qe4 Qa7+ 33. Kh1 Rd4
34. Qc6 Rd2 35. Qc8+ Rd8 36. Qc6 Qd4 37. Qxb5 Bf4 38. e6 Qd2 39. Qc5+ Rd6 40.
Rxf4 Qxf4 41. Qc8+ Ke7 42. Qb7+ Kf6 43. Qxf7+ Ke5 44. Bd3 Rxd3 45. Qxg7+ Qf6
46. Qc7+ Kxe6 47. Qc4+ Rd5 48. Qc6+ Ke7 49. Qb7+ Kf8 50. Qc8+ Qd8 51. Qe6 Rd1+
52. Kg2 Qg5+ 53. Kf3 Qh5+ 54. Qg4 Qf7+ 55. Ke2 Qf1+ 56. Ke3 Qd3+ 57. Kf4 Qd4+
58. Kg3 Rg1+ 59. Kf3 Rxg4 60. Ke2 Re4+ 61. Kf3 Re3+ 62. Kf2 {Hossa resigns} 0-1

[Event "ICS rated blitz match"]
[Site "207.99.83.227"]
[Date "1999.05.01"]
[Round "?"]
[White "Hossa"]
[Black "haraldl"]
[Result "1-0"]
[WhiteElo "2513"]
[BlackElo "2117"]
[PlyCount "55"]

1. e4 Nf6 2. e5 Nd5 3. d4 d6 4. Nf3 Bg4 5. Bb5+ c6 6. Be2 Bxf3 7. Bxf3 dxe5 8.
dxe5 e6 9. O-O Nd7 10. Qe2 Qc7 11. Re1 a5 12. c4 Ne7 13. Bf4 Ng6 14. Bg3 Bc5
15. Nc3 O-O 16. Rad1 Rad8 17. a3 Ba7 18. Bh5 Bb8 19. f4 Ne7 20. Bh4 Rde8 21.
Qf2 Nf5 22. Ne4 Nxh4 23. Qxh4 Ba7+ 24. Kh1 Nc5 25. Nd6 Rd8 26. Bxf7+ Kh8 27.
Bg6 h6 28. Nf7+ {haraldl resigns} 1-0

[Event "ICS rated blitz match"]
[Site "207.99.83.227"]
[Date "1999.05.01"]
[Round "?"]
[White "ColonialPast"]
[Black "Hossa"]
[Result "0-1"]
[WhiteElo "2176"]
[BlackElo "2516"]
[PlyCount "75"]

1. e4 e5 2. Nf3 Nc6 3. Bb5 a6 4. Ba4 Nf6 5. O-O Be7 6. Bxc6 dxc6 7. d3 Nd7 8.
Nbd2 O-O 9. Nc4 Bf6 10. b3 Qe7 11. Bb2 b5 12. Ne3 Nb6 13. Qe2 Bd7 14. h3 c5 15.
Nh2 Bg5 16. g4 Rad8 17. Nf3 f6 18. Nxg5 fxg5 19. Nf5 Bxf5 20. gxf5 Rd6 21. Qg4
Nd7 22. Kg2 c4 23. bxc4 bxc4 24. Rad1 cxd3 25. Rxd3 Nc5 26. Rd5 Rxd5 27. exd5
Rd8 28. c4 Nd3 29. Bc1 Nxc1 30. Rxc1 Rb8 31. Qe2 Qa3 32. Re1 Re8 33. Qc2 Qd6
34. Rd1 e4 35. Qd2 Qf6 36. Qe3 Qxf5 37. c5 g4 38. hxg4 {ColonialPast resigns}
0-1

[Event "ICS rated blitz match"]
[Site "207.99.83.227"]
[Date "1999.05.01"]
[Round "?"]
[White "Hossa"]
[Black "ColonialPast"]
[Result "1-0"]
[WhiteElo "2520"]
[BlackElo "2172"]
[PlyCount "83"]

1. Nf3 Nf6 2. d4 e6 3. e3 Be7 4. Bd3 O-O 5. e4 d5 6. e5 Nfd7 7. O-O c5 8. c3
Nc6 9. Qc2 h6 10. Qe2 Re8 11. a3 a6 12. Bf4 Qb6 13. Be3 Nf8 14. dxc5 Bxc5 15.
Bxc5 Qxc5 16. Nbd2 Qb6 17. Rab1 Bd7 18. Rfd1 Ne7 19. Nd4 Qc7 20. Rf1 b5 21. Qh5
Nc6 22. N2f3 Nxd4 23. Nxd4 g6 24. Qe2 Bc6 25. Qe3 Kg7 26. Qf4 Nd7 27. Rbe1 Bb7
28. h4 Qd8 29. Re3 Qe7 30. Rg3 Rg8 31. Nb3 Rac8 32. Kh1 Ba8 33. Nd4 Nc5 34. Bc2
Ne4 35. Bxe4 dxe4 36. f3 exf3 37. Nxf3 Bxf3 38. Rgxf3 Rgf8 39. Qg3 h5 40. Rf6
Rc4 41. Qg5 Rg4 42. Rxg6+ {ColonialPast resigns} 1-0

[Event "ICS rated blitz match"]
[Site "207.99.83.227"]
[Date "1999.05.01"]
[Round "?"]
[White "ColonialPast"]
[Black "Hossa"]
[Result "0-1"]
[WhiteElo "2168"]
[BlackElo "2524"]
[PlyCount "72"]

1. e4 e5 2. Nf3 Nc6 3. Bb5 a6 4. Ba4 Nf6 5. O-O Be7 6. Bxc6 dxc6 7. d3 Nd7 8.
Nbd2 O-O 9. Nc4 Bf6 10. b3 Qe7 11. Bb2 b5 12. Ne3 Nb6 13. Qe2 Bd7 14. h3 c5 15.
g4 Qe6 16. Nf5 Qe8 17. Ng3 g6 18. Qe3 Qe7 19. Kg2 Rad8 20. g5 Bg7 21. Nh2 f5
22. gxf6 Rxf6 23. Ng4 Rf4 24. f3 h5 25. Nh2 Qh4 26. Ne2 Bxh3+ 27. Kh1 Bxf1 28.
Nxf4 exf4 29. Qe1 Qxe1 30. Rxe1 Bxb2 31. Rxf1 Bd4 32. c4 Be3 33. cxb5 axb5 34.
Rd1 c4 35. bxc4 bxc4 36. d4 36... c3 {ColonialPast resigns} 0-1

[Event "ICS Rated blitz match"]
[Site "207.99.83.227"]
[Date "1999.05.01"]
[Round "?"]
[White "FRANCIS-GONZ"]
[Black "Hossa"]
[Result "0-1"]
[WhiteElo "2016"]
[BlackElo "2528"]
[PlyCount "66"]

1. d4 e6 2. c4 d5 3. Nc3 Bb4 4. e3 Nf6 5. Nf3 Ne4 6. Qc2 Nc6 7. Bd3 Nf6 8. O-O
dxc4 9. Bxc4 O-O 10. a3 Bd6 11. b4 a6 12. Bb2 Qe8 13. Bd3 a5 14. b5 Ne7 15. Ne5
Ned5 16. Nxd5 exd5 17. f4 Be6 18. h3 a4 19. Rac1 Qe7 20. Ra1 Rfe8 21. g4 Ne4
22. Bxe4 dxe4 23. Qxe4 Bc4 24. Rfc1 Bxb5 25. Qxb7 Rab8 26. Qf3 Qh4 27. Rc2 Ba6
28. Kh2 Rb3 29. Qd5 Bxe5 30. dxe5 Rxe3 31. Qg2 Bd3 32. Rf2 Be4 33. Qf1 33...
Qg3# {FRANCIS-GONZ checkmated} 0-1

[Event "ICS rated blitz match"]
[Site "207.99.83.227"]
[Date "1999.05.01"]
[Round "?"]
[White "Hossa"]
[Black "ColonialPast"]
[Result "1-0"]
[WhiteElo "2530"]
[BlackElo "2164"]
[PlyCount "59"]

1. d4 Nf6 2. c4 e6 3. Nc3 Bb4 4. Qc2 O-O 5. Bg5 c5 6. dxc5 Qa5 7. Bd2 Qxc5 8.
e3 d5 9. a3 Bxc3 10. Bxc3 a5 11. Bxf6 gxf6 12. Nf3 b5 13. Bd3 dxc4 14. Bxh7+
Kg7 15. Be4 Ra7 16. O-O f5 17. Bd3 Bb7 18. Be2 Qe7 19. a4 Nd7 20. axb5 Rh8 21.
Qxc4 Raa8 22. Qc7 Bd5 23. Rxa5 Rac8 24. Qg3+ Kf8 25. Ra7 Rg8 26. Qf4 Ke8 27.
Rc7 Rxc7 28. Qxc7 f6 29. Rd1 Qg7 30. Ne1 {ColonialPast resigns} 1-0

[Event "ICS rated blitz match"]
[Site "207.99.83.227"]
[Date "1999.05.01"]
[Round "?"]
[White "ColonialPast"]
[Black "Hossa"]
[Result "0-1"]
[WhiteElo "2161"]
[BlackElo "2533"]
[PlyCount "67"]

1. e4 e5 2. Nf3 Nc6 3. Bb5 a6 4. Ba4 Nf6 5. O-O Be7 6. Bxc6 dxc6 7. d3 Nd7 8.
Nbd2 O-O 9. Nc4 Bf6 10. Bd2 c5 11. Bc3 Qe8 12. a4 Qe6 13. a5 Re8 14. h3 Kh8 15.
Nh2 Bg5 16. Bd2 Bxd2 17. Qxd2 f5 18. exf5 Qxf5 19. Rae1 Nf6 20. Nf3 e4 21. Nh2
Be6 22. b3 Rad8 23. Re3 Bxc4 24. bxc4 Rd4 25. Rfe1 Red8 26. Qe2 exd3 27. cxd3
Rxd3 28. Rxd3 Qxd3 29. Qxd3 Rxd3 30. Rb1 Ra3 31. Rxb7 h5 32. Rxc7 Rxa5 33. Nf3
Ne4 34. Ng5 {ColonialPast resigns} 0-1

[Event "ICS rated blitz match"]
[Site "207.99.83.227"]
[Date "1999.05.01"]
[Round "?"]
[White "Hossa"]
[Black "egghead"]
[Result "1-0"]
[WhiteElo "2536"]
[BlackElo "2533"]
[PlyCount "65"]

1. e4 e5 2. Nf3 Nc6 3. d4 exd4 4. Nxd4 Bc5 5. Nxc6 Qf6 6. Qd2 Qxc6 7. Bd3 Nf6
8. O-O O-O 9. e5 Ng4 10. b4 Be7 11. Re1 Bh4 12. g3 Be7 13. b5 Qe6 14. Qc3 c6
15. f3 Nh6 16. a4 Nf5 17. Bf4 Bd8 18. Qb4 Bb6+ 19. Kh1 cxb5 20. axb5 Re8 21.
Qe4 g6 22. Nd2 Bf2 23. Re2 Bd4 24. Rf1 Bc3 25. Nb1 Ba1 26. Qa4 g5 27. Bxg5 Bb2
28. Bf6 Nd4 29. Re4 h5 30. Rh4 Qd5 31. Rxh5 Qxf3+ 32. Rxf3 Nxf3 33. Rh8# {
egghead checkmated} 1-0

[Event "ICS rated blitz match"]
[Site "207.99.83.227"]
[Date "1999.05.01"]
[Round "?"]
[White "egghead"]
[Black "Hossa"]
[Result "1/2-1/2"]
[WhiteElo "2517"]
[BlackElo "2552"]
[PlyCount "240"]

1. d4 e5 2. dxe5 Nc6 3. Nf3 Qe7 4. Qd5 d6 5. exd6 Qxd6 6. Nc3 Nb4 7. Qxd6 Bxd6
8. Nd4 Bf5 9. e4 Be5 10. a3 Bxd4 11. axb4 Bxc3+ 12. bxc3 Bxe4 13. Bc4 Nf6 14.
O-O O-O 15. Bb3 Bd5 16. c4 Be6 17. Re1 c5 18. bxc5 Rfe8 19. Bf4 Bd7 20. Rxe8+
Rxe8 21. f3 a6 22. Kf2 Bc6 23. Bd6 h5 24. c3 h4 25. Bc2 Nd7 26. Rd1 a5 27. Rd4
h3 28. gxh3 a4 29. Rd1 a3 30. Ra1 Ra8 31. Ra2 Ra6 32. f4 Ra8 33. Ke2 Nf6 34. h4
Kh8 35. h3 Kg8 36. Ke3 Nh5 37. Kf2 Ra7 38. Be5 Bd7 39. Bd1 g6 40. Bxh5 gxh5 41.
Kg3 Be6 42. c6 bxc6 43. Bd6 Rd7 44. Be5 Rd3+ 45. Kg2 Rxh3 46. Bf6 Rd3 47. Rxa3
Bxc4 48. Ra7 Rd6 49. Be5 Rd2+ 50. Kf3 Kh7 51. Ke3 Rd3+ 52. Ke4 Rh3 53. Kd4 Be6
54. Kc5 Kg6 55. Kxc6 Rxh4 56. Re7 Rh1 57. Kc5 h4 58. Kd4 h3 59. Kc5 h2 60. f5+
Bxf5 61. Bf4 Bg4 62. Rb7 Rc1 63. Bxh2 Rxc3+ 64. Kd4 Rc6 65. Bf4 Rf6 66. Bc7 Rf1
67. Rb6+ Kf5 68. Rb5+ Ke6 69. Re5+ Kd7 70. Rc5 f5 71. Ke5 Re1+ 72. Kf6 Re6+ 73.
Kg5 Re8 74. Bf4 Rf8 75. Rc7+ Ke6 76. Rc6+ Kd5 77. Rd6+ Ke4 78. Re6+ Kf3 79.
Re3+ Kf2 80. Rd3 Re8 81. Rd2+ Kf3 82. Rd3+ Ke2 83. Rd2+ Ke1 84. Rc2 Rf8 85. Be3
Bf3 86. Kf4 Be2 87. Rc1+ Bd1 88. Rc5 Bg4 89. Rc1+ Ke2 90. Rc2+ Kd3 91. Rd2+ Kc3
92. Rd5 Kb3 93. Rd3+ Kc4 94. Rd4+ Kb5 95. Bd2 Kc6 96. Rd6+ Kc5 97. Bc3 Ra8 98.
Re6 Kd5 99. Re5+ Kc4 100. Ba5 Rf8 101. Bb6 Rf6 102. Be3 Kc3 103. Kg5 Rf7 104.
Kf4 Kb3 105. Rb5+ Kc4 106. Rc5+ Kb4 107. Rc1 Be2 108. Bc5+ Kb5 109. Re1 Bd3
110. Re7 Rf6 111. Rd7 Be4 112. Rd6 Rf7 113. Bd4 Rh7 114. Bf6 Rh3 115. Bd4 Kc4
116. Bb2 Rf3+ 117. Kg5 Rg3+ 118. Kf6 Rb3 119. Be5 Rf3 120. Rd4+ 120... Kc5 {
Game drawn by the 50 move rule} 1/2-1/2

[Event "ICS rated blitz match"]
[Site "207.99.83.227"]
[Date "1999.05.01"]
[Round "?"]
[White "Hossa"]
[Black "egghead"]
[Result "1-0"]
[WhiteElo "2550"]
[BlackElo "2519"]
[PlyCount "128"]

1. d4 d5 2. e3 Bf5 3. Bd3 Bxd3 4. Qxd3 Qd6 5. Qb5+ Qc6 6. Nc3 Qxb5 7. Nxb5 Na6
8. Bd2 Nf6 9. Nf3 Ne4 10. O-O c6 11. Nc3 Nxd2 12. Nxd2 e6 13. Ne2 c5 14. a3
cxd4 15. exd4 Rc8 16. Rac1 Bd6 17. f4 O-O 18. f5 e5 19. f6 e4 20. Rf5 Rfd8 21.
fxg7 Kxg7 22. c4 e3 23. Nf1 Rxc4 24. Rxc4 dxc4 25. Nxe3 Kg6 26. Rb5 b6 27. Nxc4
Nc7 28. Nxd6 Rxd6 29. Rb3 Nd5 30. Rg3+ Kf6 31. Nc3 Rd7 32. Nxd5+ Rxd5 33. Rd3
Kf5 34. Rf3+ Ke6 35. Rf4 Rf5 36. Rh4 h5 37. g3 Kd5 38. b3 Rf3 39. Rxh5+ Kxd4
40. Rb5 Rc3 41. a4 Rc1+ 42. Kg2 Rc2+ 43. Kh3 Rf2 44. g4 Ke4 45. Kg3 Rf3+ 46.
Kg2 f6 47. h4 Rd3 48. Rb4+ Ke5 49. h5 Rd2+ 50. Kg3 Rd3+ 51. Kh4 Rd1 52. Rb5+
Ke4 53. Kg3 Rd3+ 54. Kf2 Rd2+ 55. Ke1 Rb2 56. h6 Ke3 57. Kd1 Ke4 58. h7 a6 59.
Rf5 Rh2 60. Rh5 Rg2 61. h8=Q Rg1+ 62. Kd2 Rg2+ 63. Ke1 Kd3 64. Qxf6 64... Re2+
{egghead resigns} 1-0

[Event "ICS rated blitz match"]
[Site "207.99.83.227"]
[Date "1999.05.01"]
[Round "?"]
[White "egghead"]
[Black "Hossa"]
[Result "1-0"]
[WhiteElo "2504"]
[BlackElo "2565"]
[PlyCount "52"]

1. e4 e5 2. Nf3 Nc6 3. Bb5 a6 4. Ba4 Nf6 5. O-O Be7 6. Re1 b5 7. Bb3 d6 8. c3
Bg4 9. h3 Bh5 10. d3 O-O 11. Nbd2 Qd7 12. Nf1 Rae8 13. g4 Nxg4 14. hxg4 Qxg4+
15. Ng3 Qxf3 16. Nxh5 Qh3 17. Re3 Qh4 18. Rg3 g6 19. Bh6 Kh8 20. Qf3 d5 21. Rh3
gxh5 22. Rxh4 Rg8+ 23. Kf1 Bxh4 24. Qxh5 Re6 25. Qxh4 Reg6 26. Bxd5 26... Nd8 {
Hossa resigns} 1-0

[Event "ICS rated blitz match"]
[Site "207.99.83.227"]
[Date "1999.05.01"]
[Round "?"]
[White "Hossa"]
[Black "egghead"]
[Result "1/2-1/2"]
[WhiteElo "2546"]
[BlackElo "2523"]
[PlyCount "251"]

1. e4 e5 2. Nf3 Nc6 3. Bb5 a6 4. Ba4 Nf6 5. O-O Be7 6. Re1 b5 7. Bb3 d6 8. c3
O-O 9. d4 Bg4 10. d5 Na5 11. Bc2 c6 12. dxc6 Qc7 13. Bg5 Nxc6 14. Nbd2 Nh5 15.
Bxe7 Qxe7 16. a4 Nf4 17. Re3 Qf6 18. Bb3 Rfc8 19. Bd5 Rab8 20. axb5 Rxb5 21.
Rxa6 Nxd5 22. exd5 Rxd5 23. Rxc6 Rxc6 24. Qa4 Rxd2 25. Nxd2 Bd7 26. b3 Rc7 27.
Qb4 Rc6 28. Qb8+ Rc8 29. Qb7 Qe6 30. Qf3 d5 31. Qh5 f6 32. Rh3 Qf5 33. Qxf5
Bxf5 34. Rf3 g6 35. c4 Kf7 36. h4 Ke6 37. cxd5+ Kxd5 38. Nc4 Kd4 39. Nd6 Rc1+
40. Kh2 Be6 41. b4 Rc6 42. Nb5+ Kc4 43. Na7 Ra6 44. Rxf6 Kxb4 45. h5 gxh5 46.
Rh6 Kc5 47. Rxh7 Kb6 48. Rxh5 Rxa7 49. Rxe5 Bd7 50. Re7 Kc6 51. Rf7 Ra2 52. Kg3
Kd6 53. Rf4 Ke5 54. Rf8 Rd2 55. Rf7 Be6 56. Rh7 Bf5 57. Re7+ Kf6 58. Re8 Kf7
59. Re1 Kg6 60. Kf3 Bc2 61. Rg1 Kg5 62. Rh1 Bf5 63. Rh8 Rd3+ 64. Ke2 Rc3 65.
Rg8+ Kh5 66. f3 Kh4 67. g3+ Kh3 68. Rg5 Bd3+ 69. Kf2 Rc2+ 70. Ke3 Be2 71. Rg6
Rb2 72. Rg7 Bd1 73. Rd7 Bc2 74. g4 Kg3 75. Rd6 Rb3+ 76. Kd2 Bb1 77. Rf6 Kh4 78.
Rf7 Kg5 79. Ke2 Bd3+ 80. Kf2 Bg6 81. Rf8 Rd3 82. Ke2 Rd5 83. Rg8 Rd6 84. Ke3
Rc6 85. Rf8 Rc1 86. Kf2 Rd1 87. Rg8 Kf6 88. f4 Bd3 89. Ke3 Bc4 90. Rf8+ Kg7 91.
Rf5 Re1+ 92. Kd4 Bb3 93. Re5 Rd1+ 94. Kc3 Ba2 95. Rg5+ Kf6 96. Rf5+ Ke6 97. Kb4
Bd5 98. Kc5 Bf3 99. Re5+ Kf6 100. g5+ Kg6 101. Re6+ Kh5 102. Rf6 Be4 103. Rd6
Rf1 104. Rf6 Rc1+ 105. Kd4 Bc2 106. Ke3 Rd1 107. Ke2 Rd4 108. Kf3 Rd3+ 109. Ke4
Kg4 110. Ke5 Re3+ 111. Kd4 Re7 112. Kd5 Bf5 113. g6 Kxf4 114. Rf7 Re5+ 115. Kd4
Re4+ 116. Kc5 Re8 117. g7 Rg8 118. Kd5 Rd8+ 119. Kc6 Rc8+ 120. Kd6 Re8 121. Kc5
Re5+ 122. Kd4 Re4+ 123. Kd5 Re5+ 124. Kd4 Re4+ 125. Kd5 Re8 126. Kc5 {
Game drawn by repetition} 1/2-1/2

[Event "ICS rated blitz match"]
[Site "207.99.83.227"]
[Date "1999.05.01"]
[Round "?"]
[White "Hossa"]
[Black "ColonialPast"]
[Result "1-0"]
[WhiteElo "2545"]
[BlackElo "2156"]
[PlyCount "97"]

1. e4 c6 2. d4 d5 3. exd5 cxd5 4. Nf3 Nf6 5. Bb5+ Nc6 6. O-O e6 7. Ne5 Bd7 8.
Nxd7 Qxd7 9. Bg5 Be7 10. Nc3 a6 11. Be2 O-O 12. Qd2 b5 13. a3 Qc7 14. Rae1 Rfc8
15. Qe3 Na5 16. Qh3 Nc4 17. Bxc4 Qxc4 18. Qh4 b4 19. axb4 Qxb4 20. Rb1 Rc4 21.
Na2 Qd6 22. c3 a5 23. Nc1 h6 24. Bxh6 gxh6 25. Qxh6 Nh7 26. Nd3 Bg5 27. Qh5 Bf6
28. Rbe1 Qf8 29. Nc5 Rxc5 30. dxc5 Qxc5 31. Re3 Nf8 32. Rf3 Qe7 33. Qh6 Ng6 34.
Rh3 Bg7 35. Qh7+ Kf8 36. Rf3 Qg5 37. Re1 Rb8 38. b4 axb4 39. cxb4 Rxb4 40. Ra3
Rb8 41. Rf3 Qh6 42. Qxh6 Bxh6 43. g3 Ke7 44. h4 f5 45. Rxf5 Rg8 46. Kf1 Bd2 47.
Re2 Rc8 48. h5 Nf4 49. gxf4 {ColonialPast resigns} 1-0

[Event "ICS rated blitz match"]
[Site "207.99.83.227"]
[Date "1999.05.01"]
[Round "?"]
[White "ColonialPast"]
[Black "Hossa"]
[Result "0-1"]
[WhiteElo "2153"]
[BlackElo "2548"]
[PlyCount "106"]

1. e4 e5 2. Nf3 Nc6 3. Bb5 a6 4. Ba4 Nf6 5. O-O Be7 6. Bxc6 dxc6 7. d3 Nd7 8.
Nbd2 O-O 9. Nc4 Bf6 10. Bd2 c5 11. Bc3 Qe8 12. a4 Qe6 13. a5 Re8 14. Qd2 Qg4
15. h3 Qh5 16. Ne3 Nf8 17. Nd5 Bxh3 18. Nxf6+ gxf6 19. gxh3 Qxf3 20. Qe3 Qh5
21. Kh2 Ne6 22. Rg1+ Kh8 23. Rg3 Rg8 24. Rag1 Nd4 25. Bxd4 cxd4 26. Qf3 Qxf3
27. Rxf3 Rxg1 28. Kxg1 Rg8+ 29. Rg3 Rg6 30. Kh2 f5 31. exf5 Rc6 32. Rg2 e4 33.
Kg3 Rxc2 34. dxe4 Rxb2 35. Rg1 d3 36. Rd1 d2 37. Kf4 Ra2 38. Ke3 Rxa5 39. Rxd2
Kg7 40. f4 Ra3+ 41. Kd4 Rxh3 42. e5 Rh6 43. Rg2+ Kf8 44. f6 Rh1 45. Rb2 b6 46.
Ra2 a5 47. Rc2 Rd1+ 48. Kc4 c6 49. f5 Rd5 50. Kb3 c5 51. e6 Rxf5 52. e7+ Ke8
53. Rd2 53... Rxf6 {ColonialPast resigns} 0-1

[Event "ICS rated blitz match"]
[Site "207.99.83.227"]
[Date "1999.05.01"]
[Round "?"]
[White "ColonialPast"]
[Black "Hossa"]
[Result "0-1"]
[WhiteElo "2160"]
[BlackElo "2551"]
[PlyCount "52"]

1. e4 e5 2. Nf3 Nc6 3. Bb5 a6 4. Ba4 Nf6 5. O-O Be7 6. Bxc6 dxc6 7. d3 Nd7 8.
Nbd2 O-O 9. Nc4 Bf6 10. Bd2 c5 11. Bc3 Qe8 12. a4 Qe6 13. h3 Rb8 14. Ne3 b6 15.
Nd5 Bd8 16. b3 f5 17. Ne3 fxe4 18. dxe4 Bb7 19. Nc4 Bxe4 20. Nfxe5 Nxe5 21.
Nxe5 Bf6 22. f4 Qf5 23. g4 Qe6 24. Qe2 Bb7 25. g5 Qxh3 26. Qh2 26... Qxc3 {
ColonialPast resigns} 0-1

[Event "ICS rated blitz match"]
[Site "207.99.83.227"]
[Date "1999.05.01"]
[Round "?"]
[White "Hossa"]
[Black "Kvick"]
[Result "1-0"]
[WhiteElo "2554"]
[BlackElo "2156"]
[PlyCount "95"]

1. d4 Nf6 2. c4 g6 3. Nc3 Bg7 4. e4 d6 5. Nf3 O-O 6. Be2 c5 7. dxc5 dxc5 8. O-O
a6 9. Qxd8 Rxd8 10. Be3 b6 11. Rad1 Rxd1 12. Rxd1 Nc6 13. Rd2 Bb7 14. Bg5 h6
15. Bxf6 Bxf6 16. Nd5 Kg7 17. Nxb6 Re8 18. Nd7 Nb4 19. Nxc5 Bc8 20. e5 Bg5 21.
Nxg5 hxg5 22. b3 Bf5 23. a3 Nc6 24. Nxa6 Nxe5 25. Nb4 Ra8 26. Ra2 Be6 27. Nd3
Nc6 28. Nc5 Nd4 29. Nxe6+ Nxe6 30. Bf3 Ra7 31. b4 Nd4 32. a4 Nxf3+ 33. gxf3 Kf6
34. a5 Ke6 35. b5 Kd6 36. a6 Kc5 37. Ra4 e5 38. Kf1 f5 39. h3 e4 40. fxe4 fxe4
41. Ke2 Re7 42. Ra1 Ra7 43. Ke3 Kxc4 44. b6 Ra8 45. b7 Rb8 46. a7 Rxb7 47. Rc1+
Kd5 48. a8=Q {Kvick resigns} 1-0

[Event "ICS rated blitz match"]
[Site "207.99.83.227"]
[Date "1999.05.01"]
[Round "?"]
[White "Hossa"]
[Black "ColonialPast"]
[Result "1-0"]
[WhiteElo "2554"]
[BlackElo "2157"]
[PlyCount "48"]

1. Nf3 Nf6 2. g3 d5 3. Bg2 e6 4. O-O c6 5. d3 Be7 6. Bf4 O-O 7. Nbd2 Nbd7 8. e4
Ne8 9. Qe2 f6 10. exd5 e5 11. dxc6 bxc6 12. Rae1 Bb4 13. Be3 Nd6 14. Nh4 Qc7
15. c3 Ba5 16. Qf3 Bb7 17. Nf5 c5 18. Ne7+ Kh8 19. Nd5 Qd8 20. Qg4 f5 21. Qa4
Bb6 22. Qb3 Rb8 23. Bh1 Bxd5 24. Qxd5 24... Rf6 {ColonialPast resigns} 1-0

[Event "ICS rated blitz match"]
[Site "207.99.83.227"]
[Date "1999.05.01"]
[Round "?"]
[White "Secret"]
[Black "Hossa"]
[Result "1-0"]
[WhiteElo "2822"]
[BlackElo "2557"]
[PlyCount "52"]

1. d4 e5 2. dxe5 Nc6 3. Nf3 Qe7 4. g3 Nxe5 5. Nxe5 Qxe5 6. Bg2 Nf6 7. O-O Bc5
8. Nc3 Ng4 9. Bf4 Qh5 10. h3 Nxf2 11. Rxf2 Bxf2+ 12. Kxf2 Qc5+ 13. e3 O-O 14.
Nd5 d6 15. b4 Qc4 16. Bf1 Qe4 17. Bd3 Qe6 18. Nxc7 Qxh3 19. Nxa8 Bg4 20. Qh1
Rxa8 21. Qxh3 Bxh3 22. Rh1 g5 23. Bxg5 Bg4 24. Rxh7 f5 25. Rxb7 d5 26. a4 26...
Bh3 {Hossa resigns} 1-0

[Event "ICS rated blitz match"]
[Site "207.99.83.227"]
[Date "1999.05.01"]
[Round "?"]
[White "Hossa"]
[Black "Secret"]
[Result "0-1"]
[WhiteElo "2551"]
[BlackElo "2828"]
[PlyCount "93"]

1. d4 d5 2. e4 dxe4 3. Nc3 Nf6 4. f3 exf3 5. Nxf3 Bg4 6. Be3 Nd5 7. Nxd5 Qxd5
8. c4 Qa5+ 9. Qd2 Qxd2+ 10. Nxd2 Nc6 11. Bd3 O-O-O 12. d5 e6 13. Be4 exd5 14.
cxd5 Nb4 15. O-O f5 16. Bb1 Nxd5 17. Bd4 Ne7 18. Nb3 Rd5 19. Re1 Nc6 20. Bc3
Bh5 21. a3 Rb5 22. Ba2 Rb6 23. Nc1 Bc5+ 24. Kh1 Bd4 25. Be6+ Kb8 26. Bxf5 Rf8
27. Bxh7 Rxb2 28. Bxb2 Bxb2 29. Ra2 Bc3 30. Rg1 Bd4 31. Re1 g6 32. Nb3 Be5 33.
Nc5 Kc8 34. Rb1 Rh8 35. Nxb7 Rxh7 36. Rc2 Bg4 37. Rxc6 Bxh2 38. Rf1 Bf4+ 39.
Kg1 Be3+ 40. Rf2 Kxb7 41. Rxg6 Rf7 42. Rxg4 Bxf2+ 43. Kf1 Bc5+ 44. Ke2 Bxa3 45.
Kd3 Rd7+ 46. Kc2 a5 47. Rc4 {Hossa resigns} 0-1

[Event "ICS rated blitz match"]
[Site "207.99.83.227"]
[Date "1999.05.01"]
[Round "?"]
[White "Krell"]
[Black "Hossa"]
[Result "1-0"]
[WhiteElo "2468"]
[BlackElo "2546"]
[PlyCount "157"]

1. b3 e5 2. Bb2 Nc6 3. e3 Nf6 4. Bb5 e4 5. Bxf6 Qxf6 6. Nc3 Qg6 7. g3 Bb4 8.
Nd5 Qd6 9. Nxb4 Qxb4 10. Qh5 O-O 11. a3 Qa5 12. Qd5 Nb4 13. Qxe4 Nxc2+ 14. Qxc2
Qxb5 15. Rc1 Qd5 16. e4 Re8 17. f3 f5 18. Qc4 c6 19. Qxd5+ cxd5 20. e5 d6 21.
Rc7 dxe5 22. Ne2 Kf8 23. Kf2 Re7 24. Rhc1 Rxc7 25. Rxc7 b6 26. d4 exd4 27. Nxd4
h5 28. f4 a6 29. Rc6 b5 30. Rd6 Bb7 31. Rd7 Bc8 32. Rxd5 g6 33. Rd6 Kg7 34. Nc6
a5 35. Ne7 b4 36. axb4 axb4 37. Ke3 Kf7 38. Nxg6 Ra3 39. Ne5+ Ke7 40. Rh6 Rxb3+
41. Kd4 Be6 42. Kc5 Bg8 43. Rxh5 Kf6 44. Rh6+ Kg7 45. Rg6+ Kh8 46. Rf6 Bh7 47.
Rf8+ Kg7 48. Rf7+ Kg8 49. Rb7 Rb2 50. h3 b3 51. Nc4 Rb1 52. Kd5 Rh1 53. h4 Rd1+
54. Ke6 Rg1 55. Kf6 Bg6 56. Kxg6 Rxg3+ 57. Kxf5 Rc3 58. Na5 b2 59. Rxb2 Kg7 60.
Re2 Rc5+ 61. Re5 Rc2 62. Re7+ Kh6 63. Nc6 Rc5+ 64. Ne5 Ra5 65. h5 Rd5 66. Kg4
Rd1 67. Nf7+ Kg7 68. h6+ Kf6 69. h7 Kxe7 70. h8=Q Kxf7 71. Qc8 Re1 72. Qc7+ Kg8
73. Kf5 Re8 74. Kf6 Rf8+ 75. Kg6 Rf7 76. Qc4 Kh8 77. Qc8+ Rf8 78. Qh3+ Kg8 79.
Qh7# {Hossa checkmated} 1-0

[Event "ICS rated blitz match"]
[Site "207.99.83.227"]
[Date "1999.05.01"]
[Round "?"]
[White "PostModernist"]
[Black "Hossa"]
[Result "1-0"]
[WhiteElo "2553"]
[BlackElo "2526"]
[PlyCount "86"]

1. e4 e5 2. Nf3 Nc6 3. Bc4 Nf6 4. d3 Be7 5. O-O O-O 6. Re1 d6 7. a4 Bg4 8. Bg5
Nd4 9. Nbd2 c6 10. h3 Nxf3+ 11. Nxf3 Be6 12. Bxe6 fxe6 13. b3 Qe8 14. c4 Nd7
15. Qe2 Bxg5 16. Nxg5 Rf4 17. Qe3 Qg6 18. Qg3 Raf8 19. Ra2 Nc5 20. b4 Nb3 21.
Nf3 Qxg3 22. fxg3 Rxf3 23. gxf3 Rxf3 24. Kg2 Rxd3 25. Rf2 Rd4 26. Rc2 c5 27.
Rb2 Rd2+ 28. Rxd2 Nxd2 29. bxc5 dxc5 30. Rd1 Nxc4 31. Rd8+ Kf7 32. Rd7+ Kf6 33.
Rxb7 Nd2 34. Rxa7 Nxe4 35. a5 Nd6 36. a6 Nc8 37. Ra8 Nb6 38. Rb8 Nd5 39. a7 Nc7
40. Rc8 Nd5 41. a8=Q Ne3+ 42. Kf2 Nd5 43. Rc6 43... Kf7 {Hossa resigns} 1-0

[Event "ICS rated blitz match"]
[Site "207.99.83.227"]
[Date "1999.05.01"]
[Round "?"]
[White "Hossa"]
[Black "PostModernist"]
[Result "1-0"]
[WhiteElo "2511"]
[BlackElo "2568"]
[PlyCount "74"]

1. b3 e5 2. Bb2 Nc6 3. e3 g6 4. f4 d6 5. Bb5 Bd7 6. Nf3 Bg7 7. O-O Nge7 8. fxe5
Nxe5 9. Nxe5 dxe5 10. Bc4 Nf5 11. Ba3 b5 12. Be2 Qg5 13. e4 Bc6 14. Bd3 Nd4 15.
Nc3 Bf8 16. Bxf8 Rxf8 17. a4 b4 18. Nb5 Ne6 19. Bc4 a6 20. Bxe6 axb5 21. Bd5
Bxd5 22. exd5 bxa4 23. Qe2 Kd8 24. Rxa4 Rxa4 25. bxa4 f6 26. Qb5 Qxd2 27. Qb8+
Kd7 28. Qxf8 Qxc2 29. Qxb4 f5 30. a5 e4 31. a6 Qa2 32. Qb7 Qc2 33. Qb5+ Ke7 34.
a7 Qa2 35. Qc5+ Kf6 36. h4 Kg7 37. Qxc7+ 37... Kh6 {PostModernist resigns} 1-0